国連非加盟のFIFA加盟国・地域 - Statistics

General Stats
  • This quiz has been taken 151 times
  • The average score is 13 of 26
Answer Stats
FIFAランキング 答え % Correct
UEFA(欧州サッカー連盟) 4位 イングランド
87%
UEFA(欧州サッカー連盟) 29位 ウェールズ
86%
UEFA(欧州サッカー連盟) 39位 スコットランド
84%
AFC(アジアサッカー連盟) 159位 台湾
82%
UEFA(欧州サッカー連盟) 73位 北アイルランド
79%
AFC(アジアサッカー連盟) 157位 香港
73%
AFC(アジアサッカー連盟) 186位 マカオ
67%
AFC(アジアサッカー連盟) 93位 パレスチナ
66%
CONCACAF(北中米カリブ海サッカー連盟) 160位 プエルトリコ
61%
OFC(オセアニアサッカー連盟) 187位 クック諸島
53%
OFC(オセアニアサッカー連盟) 189位 アメリカ領サモア
49%
AFC(アジアサッカー連盟) 205位 グアム
47%
UEFA(欧州サッカー連盟) 102位 コソボ
47%
UEFA(欧州サッカー連盟) 203位 ジブラルタル
46%
OFC(オセアニアサッカー連盟) 158位 ニューカレドニア
46%
UEFA(欧州サッカー連盟) 133位 フェロー諸島
41%
CONCACAF(北中米カリブ海サッカー連盟) 91位 キュラソー
39%
CONCACAF(北中米カリブ海サッカー連盟) 208位 アメリカ領ヴァージン諸島
38%
CONCACAF(北中米カリブ海サッカー連盟) 207位 イギリス領ヴァージン諸島
36%
CONCACAF(北中米カリブ海サッカー連盟) 170位 バミューダ諸島
33%
CONCACAF(北中米カリブ海サッカー連盟) 193位 アルバ
29%
OFC(オセアニアサッカー連盟) 162位 タヒチ
28%
CONCACAF(北中米カリブ海サッカー連盟) 196位 ケイマン諸島
27%
CONCACAF(北中米カリブ海サッカー連盟) 209位 アンギラ
25%
CONCACAF(北中米カリブ海サッカー連盟) 206位 タークス・カイコス諸島
20%
CONCACAF(北中米カリブ海サッカー連盟) 175位 モントセラト
19%
No matching quizzes found
Score Distribution
Percent of People with Each Score
Percentile by Number Answered
Your Score History
You have not taken this quiz